Tower up : stacking balancing game [

Bibliographic Details
Format: Book
Published: Puchong : Syarikat Permainan Malaysia , -

MARC

LEADER 00000cam a2200000 7i4500
001 0000180394
005 20140107.0
090 0 0 |a JF   |b PUZ 
245 0 0 |a Tower up :   |b stacking balancing game [  |h games] 
260 |a Puchong :   |b Syarikat Permainan Malaysia ,   |c - 
300 |a contains 45 wood block 
500 |a Play & Learn Library 
999 |a G000685   |b PERMAINAN BOARD   |c GAMES   |e PERPUSTAKAAN KOMUNITI PETALING JAYA 
999 |a G000686   |b PERMAINAN BOARD   |c GAMES   |e PERPUSTAKAAN KOMUNITI PETALING JAYA